000
00321nam a22001337a 4500
008
181022b xxu||||| |||| 00| 0 eng d
020
_a
9780072336931
041
_a
eng
080
_2
8 ED
_a
070
100
_a
39
101
_a
MED
245
_a
An Introduction To Human Communication
_c
Pearson.J.C
942
_2
udc
_c
BK
999
_c
50430
_d
50430